Science Quiz

Random Science or Elements Quiz

Element by Crossword Clue Quiz Stats

 Plays Quiz Updated Nov 29, 2018

Support Sporcle.
Go Orange.
Score 0/21 Timer 03:00
1 Play Today
% Correct
Krypton
91.3%
Helium
91.1%
Calcium
91%
Silicon
87.7%
Tin
86.6%
Sodium
85%
Neon
84.7%
Mercury
83%
Lead
81.7%
Cobalt
81.6%
Copper
81.1%
% Correct
Gold
79.2%
Nitrogen
71%
Silver
70.5%
Nickel
68.5%
Iron
66.9%
Sulfur
65.3%
Oxygen
64.3%
Iodine
59.1%
Zinc
54.5%
Carbon
52.8%

You're not logged in!

Compare scores with friends on all Sporcle quizzes.
OR
Log In
Forgot?

From the Vault

Films With Flowers

by JoeBeta

Movies 8m
It's impossible to actually smell the roses, but the movies sure make them look nice.
Remove Ads.
Support Sporcle.
Get the best of Sporcle when you Go Orange. This ad-free experience offers more features, more stats, and more fun while also helping to support Sporcle. Thank you for becoming a member.

Show Comments

Extras

Top Quizzes Today


Score Distribution

Your Account Isn't Verified!

In order to create a playlist on Sporcle, you need to verify the email address you used during registration. Go to your Sporcle Settings to finish the process.

Report this User

Report this user for behavior that violates our Community Guidelines.

Details: